000 00728nam a2200205 i 4500
001 33240
003 ES-MaACL
005 20250815144258.0
007 t|
008 030201s1964 sp aefo |||| | spa d
100 1 _aBerenguer, Magín (
_d1918-2000)
_927888
245 1 4 _aLas pinturas murales de las iglesias asturianas prerrománicas /
_cMagín Berenguer Alonso.
260 _aOviedo :
_bInstituto de Estudios Asturianos,
_c1964.
300 _a47 p., [9] p. de lám. ;
_c25 cm.
650 7 _aPintura mural prerrománica
_2embne
_9144509
650 4 _aArte prerrománico-
_zAsturias (Comunidad Autónoma)
_910276
710 2 _aInstituto de Estudios Asturianos.
_94889
852 _aES-MaACL
_jC-26332
999 _c33240
_d33240